[Event "Ibiza-chT 38th"]
[Site "Ibiza"]
[Date "2016.03.19"]
[Round "5.2"]
[White "Tur Ferrer, Vicente"]
[Black "Tung, Kai Ming"]
[Result "1-0"]
[WhiteElo "1851"]
[BlackElo "1958"]
[PlyCount "111"]
[EventDate "2016.03.13"]
[EventType "team-tourn"]
[EventRounds "5"]
[EventCountry "ESP"]
[SourceTitle "EXT 2024"]
[Source "ChessBase"]
[SourceDate "2023.10.10"]
[SourceVersion "1"]
[SourceVersionDate "2023.10.10"]
[SourceQuality "1"]
[WhiteTeam "Quatre Torres"]
[BlackTeam "Puig den Valls"]
[WhiteTeamCountry "ESP"]
[BlackTeamCountry "ESP"]

1. d4 e6 2. c4 Nf6 3. Nc3 c5 4. Bg5 cxd4 5. Qxd4 Bb4 6. Bxf6 Qxf6 7. Qxf6 gxf6 8. Kd2 b6 9. f3 Bb7 10. e3 Nc6 11. a3 Be7 12. Nge2 Na5 13. Nc1 Rc8 14. b3 Rg8 15. Nb5 a6 16. Nd4 Nc6 17. Nce2 Na5 18. Nc1 Rg5 19. e4 Bd6 20. Ke3 Rgc5 21. Nd3 R5c7 22. Be2 Bc5 23. Nxc5 bxc5 24. Nc2 Nxb3 25. Rab1 Na5 26. Rhd1 Nc6 27. f4 e5 28. Rb6 Nd4 29. Nxd4 cxd4+ 30. Kf3 Ke7 31. f5 a5 32. Rdb1 Bc6 33. Ra6 a4 34. Rbb6 Ra8 35. Rxc6 Rxa6 36. Rxa6 Rb7 37. Rxa4 Rb3+ 38. Kf2 Rb2 39. Ke1 Rb1+ 40. Kd2 Rb2+ 41. Kd1 Rb1+ 42. Kc2 Ra1 43. c5 Re1 44. Kd2 Ra1 45. Ra7 Kd8 46. h4 Rh1 47. h5 h6 48. Bb5 Rxh5 49. Rxd7+ Kc8 50. Rxf7 Rg5 51. Rxf6 Rxg2+ 52. Kd3 Rg3+ 53. Kc4 Rxa3 54. Kd5 d3 55. Bxd3 Rxd3+ 56. Kxe5 1-0

[Event "Ibiza-chT 38th"]
[Site "Ibiza"]
[Date "2016.03.17"]
[Round "3.2"]
[White "Tung, Kai Ming"]
[Black "Riera Torres, Diana"]
[Result "1-0"]
[WhiteElo "1958"]
[BlackElo "1685"]
[PlyCount "151"]
[EventDate "2016.03.13"]
[EventType "team-tourn"]
[EventRounds "5"]
[EventCountry "ESP"]
[SourceTitle "EXT 2024"]
[Source "ChessBase"]
[SourceDate "2023.10.10"]
[SourceVersion "1"]
[SourceVersionDate "2023.10.10"]
[SourceQuality "1"]
[WhiteTeam "Puig den Valls"]
[BlackTeam "Yebisah"]
[WhiteTeamCountry "ESP"]
[BlackTeamCountry "ESP"]

1. e4 c6 2. d4 d5 3. exd5 cxd5 4. Bd3 Nf6 5. Ne2 e6 6. 0-0 Bd6 7. Nd2 0-0 8. f4 Qc7 9. Nf3 Nbd7 10. Qe1 Ne4 11. c3 f5 12. Ne5 Ndf6 13. Kh1 Bd7 14. Rg1 b5 15. a3 a6 16. Be3 a5 17. Rc1 Rfc8 18. Ng3 Rab8 19. Nxe4 Nxe4 20. Qh4 Bc6 21. Qh5 Qe7 22. Qe2 b4 23. Nxc6 Rxc6 24. cxb4 Rxc1 25. Rxc1 axb4 26. a4 Qh4 27. Qf3 Qe7 28. g3 Qb7 29. Qe2 Rc8 30. Ra1 Rc7 31. Kg2 Be7 32. a5 Qb8 33. a6 Ra7 34. Qd1 Qb6 35. Qa4 Nd6 36. Rc1 Nc4 37. Bxc4 dxc4 38. Rxc4 Rxa6 39. Qe8+ Bf8 40. Rc8 Qb7+ 41. Kh3 Qf7 42. d5 Qxe8 43. Rxe8 Kf7 44. Rd8 exd5 45. Rxd5 Ke6 46. Rb5 g6 47. g4 Be7 48. Bd4 Kd7 49. gxf5 gxf5 50. Rxf5 Rh6+ 51. Kg2 Rg6+ 52. Kh1 Ke6 53. Re5+ Kf7 54. Rb5 Bd6 55. Be5 Be7 56. h3 Rg3 57. Kh2 Rb3 58. Rb7 Ke6 59. Rc7 h5 60. Rc2 h4 61. Re2 Kf7 62. Kg2 Rg3+ 63. Kh2 Rd3 64. Rg2 Rf3 65. Rg4 Ke6 66. Kg2 Rd3 67. Rg6+ Kf7 68. Rb6 Rd2+ 69. Kf3 Rd3+ 70. Kg4 Rg3+ 71. Kf5 Ke8 72. Rg6 Rxh3 73. Ke6 Re3 74. Rg8+ Bf8 75. Rh8 h3 76. f5 1-0

[Event "San Sebastian op 19th"]
[Site "San Sebastian"]
[Date "2009.09.26"]
[Round "2"]
[White "Paunovic, Dragan"]
[Black "Tung, Kai Ming"]
[Result "1-0"]
[WhiteElo "2533"]
[BlackElo "1948"]
[PlyCount "63"]
[EventDate "2009.09.25"]
[EventType "swiss"]
[EventRounds "9"]
[EventCountry "ESP"]
[SourceTitle "EXT 2010"]
[Source "ChessBase"]
[SourceDate "2010.11.25"]
[SourceVersion "1"]
[SourceVersionDate "2010.11.25"]
[SourceQuality "1"]

1. d4 e6 2. Nf3 Nf6 3. g3 Bb4+ 4. c3 Be7 5. Bg2 d5 6. 0-0 Nbd7 7. c4 c6 8. Qc2 Nb6 9. Nbd2 Nxc4 10. Nxc4 dxc4 11. Qxc4 0-0 12. b3 a5 13. Bb2 a4 14. Ne5 Nd5 15. e4 a3 16. Bc1 Nb6 17. Qc3 Nd7 18. Nd3 Qa5 19. b4 Qa6 20. Rb1 Nb6 21. Be3 Nc4 22. Nc5 Qb5 23. Rfc1 Nxe3 24. Qxe3 Bxc5 25. bxc5 Qa4 26. Qc3 Rd8 27. Rb4 Qa5 28. e5 h6 29. Be4 Ra6 30. Qb3 Ra7 31. Kg2 Qa6 32. Rcc4 1-0

[Event "Groseko Udaberriko Txapelke"]
[Site "Donostia"]
[Date "2009.05.30"]
[Round "4.8"]
[White "Sampedro Garcia, Jose Luis"]
[Black "Tung, Kai Ming"]
[Result "0-1"]
[WhiteElo "1882"]
[BlackElo "1924"]
[PlyCount "156"]
[EventDate "2009.05.09"]
[EventType "swiss"]
[EventRounds "7"]
[EventCountry "ESP"]
[SourceTitle "EXT 2024"]
[Source "ChessBase"]
[SourceDate "2023.10.10"]
[SourceVersion "1"]
[SourceVersionDate "2023.10.10"]
[SourceQuality "1"]

1. d4 e6 2. c4 b6 3. a3 Bb7 4. d5 Nf6 5. Nc3 Bd6 6. Nf3 0-0 7. g3 Re8 8. Bg2 e5 9. e4 Bf8 10. 0-0 d6 11. Nh4 Bc8 12. Qf3 h6 13. Nf5 Bxf5 14. Qxf5 Qc8 15. Qf3 Qg4 16. Qd3 Nbd7 17. b4 a6 18. Nd1 Qg6 19. Bh3 Qh7 20. Bf5 g6 21. Bh3 h5 22. Qe3 Ng4 23. Qf3 Ngf6 24. Bg5 Be7 25. Nc3 Qg7 26. a4 Nh7 27. Be3 Red8 28. Qe2 Bg5 29. Rac1 Bxe3 30. Qxe3 Nhf6 31. f4 Rf8 32. fxe5 Nxe5 33. Qg5 Nfg4 34. Ne2 Qh6 35. Qxh6 Nxh6 36. Nd4 Rad8 37. Bg2 Nhg4 38. Rfd1 Rd7 39. Rc3 Nf6 40. Rf1 Rdd8 41. Rf4 Rfe8 42. h3 Nfd7 43. Nc6 Nxc6 44. dxc6 Ne5 45. c5 bxc5 46. bxc5 dxc5 47. Rxc5 Nd3 48. Ra5 Nxf4 49. gxf4 Ra8 50. Kf2 Red8 51. Ke3 Rdb8 52. h4 Rb6 53. e5 Kf8 54. Rd5 Rb3+ 55. Ke4 Rb4+ 56. Ke3 Rxa4 57. Rd7 Rb8 58. Bd5 Ra3+ 59. Kd4 Rb4+ 60. Kc5 Rb5+ 61. Kd4 Ra4+ 62. Ke3 Rxd5 63. Rxd5 Rc4 64. Rd8+ Kg7 65. e6 fxe6 66. Rd7+ Kf6 67. Rxc7 a5 68. Rc8 Ke7 69. c7 Kd7 70. Ra8 Rxc7 71. Rxa5 Ke7 72. Rg5 Kf6 73. Kf3 Rc3+ 74. Kg2 Rd3 75. Re5 Rd5 76. Rxd5 exd5 77. Kf3 Kf5 78. Kg3 Ke4 0-1

[Event "San Sebastian op 32nd"]
[Site "San Sebastian"]
[Date "2009.04.04"]
[Round "1"]
[White "Tung, Kai Ming"]
[Black "Salgado Lopez, Ivan"]
[Result "0-1"]
[WhiteElo "1924"]
[BlackElo "2559"]
[PlyCount "56"]
[EventDate "2009.04.04"]
[EventType "swiss"]
[EventRounds "9"]
[EventCountry "ESP"]
[SourceTitle "CBM 129 Extra"]
[Source "ChessBase"]
[SourceDate "2009.05.05"]
[SourceVersion "2"]
[SourceVersionDate "2009.05.20"]
[SourceQuality "1"]

1. e4 c5 2. Nf3 d6 3. c3 Nf6 4. Be2 Bg4 5. 0-0 e6 6. d4 Nxe4 7. Re1 Nd7 8. d5 Be7 9. h3 Bf5 10. g4 Bg6 11. dxe6 fxe6 12. Qb3 d5 13. Qxb7 0-0 14. Nbd2 Rb8 15. Qa6 Rb6 16. Qxa7 c4 17. Nxe4 Bxe4 18. Nd2 Bg6 19. Nxc4 Rxb2 20. Be3 Rxe2 21. Rxe2 dxc4 22. a4 Bd3 23. Rb2 Ne5 24. f4 Nf3+ 25. Kg2 Be4 26. Kf1 Qd3+ 27. Kg2 Nd4+ 28. Kh2 Qxe3 0-1

[Event "San Sebastian op 31st"]
[Site "San Sebastian"]
[Date "2008.03.19"]
[Round "4"]
[White "Bellia, Fabrizio"]
[Black "Tung, Kai Ming"]
[Result "1-0"]
[WhiteElo "2405"]
[BlackElo "1966"]
[PlyCount "89"]
[EventDate "2008.03.16"]
[EventType "swiss"]
[EventRounds "9"]
[EventCountry "ESP"]
[SourceTitle "CBM 123 Extra"]
[Source "ChessBase"]
[SourceDate "2008.05.06"]
[SourceVersion "1"]
[SourceVersionDate "2008.05.06"]
[SourceQuality "1"]

1. e4 e6 2. d4 d5 3. Nd2 Nf6 4. e5 Nfd7 5. Bd3 c5 6. c3 Nc6 7. Ne2 cxd4 8. cxd4 f6 9. exf6 Nxf6 10. 0-0 Bd6 11. Nf3 0-0 12. Bf4 Bxf4 13. Nxf4 Ne4 14. Qc1 Ng5 15. Nxg5 Qxg5 16. Bxh7+ Kxh7 17. Nxe6 Qxc1 18. Nxf8+ Kg8 19. Raxc1 Kxf8 20. Rfe1 Kf7 21. Re3 Be6 22. Rb3 Bc8 23. Rc5 Nxd4 24. Rd3 Ne6 25. Rcxd5 b6 26. f3 Ba6 27. Ra3 Kg8 28. Rd6 Bc8 29. Rxb6 Nd4 30. Rd6 Ne6 31. f4 Kf7 32. f5 Ng5 33. g4 Ke7 34. Rg6 Nf7 35. Rxg7 Kf8 36. Rg6 Bb7 37. Re6 Ng5 38. Rf6+ Ke7 39. Rg6 Nf7 40. Re6+ Kf8 41. h4 a6 42. Rb6 Bc8 43. g5 Ne5 44. Re3 Nd7 45. Rh6 1-0

[Event "San Sebastian op 17th"]
[Site "San Sebastian"]
[Date "2007.09.27"]
[Round "7"]
[White "Tung, Kai Ming"]
[Black "Darrigues, Alain"]
[Result "1-0"]
[WhiteElo "2083"]
[BlackElo "1991"]
[PlyCount "81"]
[EventDate "2007.09.21"]
[EventType "swiss"]
[EventRounds "9"]
[EventCountry "ESP"]
[SourceTitle "CBM 120 Extra"]
[Source "ChessBase"]
[SourceDate "2007.11.01"]
[SourceVersion "1"]
[SourceVersionDate "2007.11.01"]
[SourceQuality "1"]

1. e4 c5 2. Nf3 Nc6 3. c4 e6 4. Nc3 Nf6 5. Be2 Be7 6. 0-0 0-0 7. d3 d6 8. a3 b6 9. Rb1 a5 10. Ne1 Nd4 11. f4 Bb7 12. Nc2 Nb3 13. Be3 d5 14. e5 Ne8 15. cxd5 exd5 16. d4 Nc7 17. Bd3 f5 18. exf6 Bxf6 19. Qh5 g6 20. Bxg6 hxg6 21. Qxg6+ Bg7 22. Qxb6 cxd4 23. Qxb3 dxe3 24. Qxb7 Rb8 25. Qa7 d4 26. Rbd1 d3 27. Qxe3 dxc2 28. Rxd8 Rfxd8 29. Qc1 Bd4+ 30. Kh1 Bxc3 31. Qxc2 Bg7 32. Qxc7 Rdc8 33. Qxa5 Rxb2 34. f5 Rf8 35. g4 Bf6 36. g5 Bd8 37. Qd5+ Kh7 38. Qd7+ Kg8 39. Qe6+ Kh7 40. Qg6+ Kh8 41. f6 1-0

[Event "San Sebastian op 17th"]
[Site "San Sebastian"]
[Date "2007.09.23"]
[Round "3"]
[White "Tung, Kai Ming"]
[Black "Boo Aldanondo, Alex"]
[Result "1-0"]
[WhiteElo "2083"]
[BlackElo "1669"]
[PlyCount "35"]
[EventDate "2007.09.21"]
[EventType "swiss"]
[EventRounds "9"]
[EventCountry "ESP"]
[SourceTitle "CBM 120 Extra"]
[Source "ChessBase"]
[SourceDate "2007.11.01"]
[SourceVersion "1"]
[SourceVersionDate "2007.11.01"]
[SourceQuality "1"]

1. e4 e5 2. d4 exd4 3. c3 Be7 4. Bc4 d6 5. Qb3 dxc3 6. Bxf7+ Kf8 7. Nf3 Nc6 8. Nxc3 Nf6 9. Ng5 Ne5 10. 0-0 Nfg4 11. f4 d5 12. fxe5 Bc5+ 13. Kh1 Nf2+ 14. Rxf2 Bxf2 15. Nxd5 Bc5 16. Be3 Bxe3 17. Qxe3 g6 18. e6 1-0

[Event "San Sebastian Gros op 16th"]
[Site "San Sebastian"]
[Date "2006.09.26"]
[Round "6"]
[White "Tung, Kai Ming"]
[Black "Juez Villar, Erik"]
[Result "1-0"]
[WhiteElo "2080"]
[BlackElo "1781"]
[PlyCount "49"]
[EventDate "2006.09.21"]
[EventType "swiss"]
[EventRounds "9"]
[EventCountry "ESP"]
[SourceTitle "CBM 114 Extra"]
[Source "ChessBase"]
[SourceDate "2006.11.03"]
[SourceVersion "1"]
[SourceVersionDate "2006.11.03"]
[SourceQuality "1"]

1. e4 c6 2. d4 d5 3. exd5 cxd5 4. c4 Nf6 5. Nc3 Nc6 6. c5 g6 7. Nf3 Bg7 8. h3 Bf5 9. Bd3 Ne4 10. Be3 0-0 11. 0-0 Rc8 12. Rb1 Nb4 13. Bxe4 Bxe4 14. Nxe4 dxe4 15. Ng5 Qd5 16. f3 exf3 17. Qxf3 Qxf3 18. Nxf3 h6 19. a3 Nc2 20. Bf2 Rfd8 21. Rbd1 Rd7 22. Rd2 Nxd4 23. Bxd4 e5 24. Be3 Rxd2 25. Nxd2 1-0

[Event "San Sebastian Gros op 16th"]
[Site "San Sebastian"]
[Date "2006.09.23"]
[Round "3"]
[White "Argandona Riveiro, Inigo"]
[Black "Tung, Kai Ming"]
[Result "1-0"]
[WhiteElo "2366"]
[BlackElo "2080"]
[PlyCount "101"]
[EventDate "2006.09.21"]
[EventType "swiss"]
[EventRounds "9"]
[EventCountry "ESP"]
[SourceTitle "CBM 114 Extra"]
[Source "ChessBase"]
[SourceDate "2006.11.03"]
[SourceVersion "1"]
[SourceVersionDate "2006.11.03"]
[SourceQuality "1"]

1. d4 e6 2. c4 c5 3. d5 exd5 4. cxd5 d6 5. Nc3 g6 6. Bf4 Bg7 7. Qa4+ Bd7 8. Qb3 Qc7 9. Ne4 Be5 10. Bxe5 dxe5 11. Qxb7 Qxb7 12. Nd6+ Kf8 13. Nxb7 Nf6 14. Rd1 Na6 15. e3 Nb4 16. Nxc5 Nxa2 17. Nxd7+ Nxd7 18. Bb5 Nc5 19. Nf3 Rb8 20. Bc4 Rxb2 21. Nxe5 Nc3 22. Rc1 f6 23. 0-0 N5a4 24. Nc6 Kg7 25. Ra1 Nb6 26. Rxa7+ Kh6 27. Rb7 Nxc4 28. Rxb2 Nxb2 29. d6 Nd3 30. d7 Ne5 31. d8Q Rxd8 32. Nxd8 g5 33. Ra1 Kg6 34. Ne6 h5 35. Nd4 Ne4 36. f3 Nd6 37. Ra6 Ndc4 38. e4 h4 39. h3 Nd3 40. Nf5 Nf4 41. Ne7+ Kf7 42. Nd5 Nh5 43. Ra7+ Kg6 44. Ne7+ Kh6 45. Ra6 Ne5 46. Nc6 Ng6 47. e5 fxe5 48. Nxe5 Nhf4 49. Nf7+ Kh5 50. Ra5 Ne6 51. Rf5 1-0

[Event "San Sebastian Primavera op 2nd"]
[Site "San Sebastian"]
[Date "2006.05.20"]
[Round "3.1"]
[White "Tung, Kai Ming"]
[Black "Argandona Riveiro, Inigo"]
[Result "0-1"]
[WhiteElo "2065"]
[BlackElo "2382"]
[PlyCount "90"]
[EventDate "2006.05.06"]
[EventType "swiss"]
[EventRounds "7"]
[EventCountry "ESP"]
[SourceTitle "CBM 112 Extra"]
[Source "ChessBase"]
[SourceDate "2006.07.14"]
[SourceVersion "1"]
[SourceVersionDate "2006.07.14"]
[SourceQuality "1"]

1. e4 c6 2. d4 g6 3. f4 d5 4. e5 h5 5. Bd3 Nh6 6. Nf3 Bg4 7. h3 Bxf3 8. Qxf3 e6 9. Be3 Nf5 10. Bf2 Qb6 11. Bxf5 Qxb2 12. Qb3 Qxb3 13. axb3 gxf5 14. Bh4 c5 15. dxc5 Bxc5 16. Bf2 Nd7 17. Bxc5 Nxc5 18. Nc3 Ke7 19. Nb5 a6 20. Nd4 Ne4 21. 0-0 Rac8 22. Rf3 Rc5 23. Kh2 Rhc8 24. Re3 Kf8 25. Kg1 Kg7 26. Rd3 Kh6 27. Re3 Nc3 28. Rd3 Nb5 29. Nxb5 Rxb5 30. Ra2 Rbc5 31. Rd2 Kg6 32. Kf2 Rc3 33. Re2 d4 34. Rb2 d3 35. cxd3 Rxd3 36. Re3 Rcc3 37. Rxd3 Rxd3 38. b4 Rd5 39. Ke3 Rb5 40. Kd4 a5 41. Kc4 Rxb4+ 42. Rxb4 axb4 43. h4 f6 44. Kxb4 fxe5 45. fxe5 f4 0-1

[Event "San Sebastian Primavera op 2nd"]
[Site "San Sebastian"]
[Date "2006.05.13"]
[Round "2.10"]
[White "Iglesias Gonzalez, Veronica"]
[Black "Tung, Kai Ming"]
[Result "0-1"]
[WhiteElo "1746"]
[BlackElo "2065"]
[PlyCount "136"]
[EventDate "2006.05.06"]
[EventType "swiss"]
[EventRounds "7"]
[EventCountry "ESP"]
[SourceTitle "CBM 112 Extra"]
[Source "ChessBase"]
[SourceDate "2006.07.14"]
[SourceVersion "1"]
[SourceVersionDate "2006.07.14"]
[SourceQuality "1"]

1. d4 e6 2. c4 c5 3. e3 Nf6 4. Nc3 cxd4 5. exd4 d5 6. Bg5 Be7 7. Nf3 0-0 8. c5 Nc6 9. a3 b6 10. b4 bxc5 11. dxc5 d4 12. Nb5 e5 13. Bxf6 Bxf6 14. Bd3 a5 15. Be4 Bd7 16. 0-0 axb4 17. Qb1 g6 18. Nd6 bxa3 19. Nc4 Rb8 20. Qc1 Qc7 21. Rxa3 Be7 22. Nb6 f6 23. Nd5 Qd8 24. Ra6 f5 25. Nxe7+ Nxe7 26. c6 fxe4 27. Nxe5 Bxc6 28. Nxc6 Nxc6 29. Rxc6 Qd5 30. Rc5 Qb3 31. Qc4+ Qxc4 32. Rxc4 Rfd8 33. Rd1 Rb7 34. Kf1 Rbd7 35. Ke2 Kf7 36. Rc6 Rd6 37. Rc5 Ke6 38. f3 e3 39. g3 R8d7 40. f4 Rd5 41. Rc8 Ra5 42. h3 Kd5 43. Kd3 Ra3+ 44. Ke2 Ra2+ 45. Kd3 Rg2 46. g4 Rb2 47. Re8 Rb3+ 48. Ke2 Ra3 49. Re5+ Kc4 50. Re8 Ra2+ 51. Kf3 Rh2 52. Kg3 Rd2 53. Re1 Kd3 54. Kf3 Rf7 55. Rf1 Ra7 56. Re1 Rf2+ 57. Kg3 Kd2 58. Rb1 Ra2 59. Rb4 Kc3 60. Rb7 Rg2+ 61. Kf3 Rgf2+ 62. Kg3 Ra1 63. Rc8+ Kd3 64. Rb3+ Ke2 65. Rc2+ Kf1 66. Rxf2+ exf2 67. Rb2 Ra3+ 68. Kh2 Rf3 0-1

[Event "Guipuzkoa-ch"]
[Site "San Sebastian"]
[Date "2004.12.29"]
[Round "6"]
[White "Corral Sierra, Javier"]
[Black "Tung, Kai Ming"]
[Result "1-0"]
[WhiteElo "2117"]
[BlackElo "2131"]
[PlyCount "95"]
[EventDate "2004.12.21"]
[EventType "swiss"]
[EventRounds "7"]
[EventCountry "ESP"]
[SourceTitle "CBM 104 Extra"]
[Source "ChessBase"]
[SourceDate "2005.03.01"]
[SourceVersion "1"]
[SourceVersionDate "2005.03.01"]
[SourceQuality "1"]

1. Nf3 e6 2. c4 Nf6 3. g3 b6 4. Bg2 Bb7 5. 0-0 Be7 6. b3 d6 7. Bb2 Nbd7 8. e3 0-0 9. Nc3 a6 10. d4 Rb8 11. d5 e5 12. Ne1 b5 13. cxb5 axb5 14. Nc2 Bc8 15. Nb4 Qe8 16. Qe2 Rb6 17. Nxb5 Nb8 18. Nc6 Nxd5 19. Nxe7+ Nxe7 20. Nxc7 Qd7 21. Nd5 Nxd5 22. Bxd5 Ba6 23. Bc4 Rc8 24. Bxa6 Nxa6 25. Rac1 Rxc1 26. Rxc1 f6 27. Qc4+ d5 28. Qc8+ Qxc8 29. Rxc8+ Kf7 30. Ba3 Nb4 31. Rc7+ Kg6 32. Bxb4 Rxb4 33. Rd7 Rb5 34. Kf1 h5 35. h4 Kh6 36. Ke2 g5 37. Kd3 gxh4 38. gxh4 Kg6 39. Kc3 Kf5 40. b4 Ke4 41. a4 Rb8 42. b5 f5 43. Kb4 d4 44. exd4 exd4 45. a5 Kf3 46. a6 d3 47. Rxd3+ Kxf2 48. a7 1-0

[Event "San Sebastian op 14th"]
[Site "San Sebastian"]
[Date "2004.09.30"]
[Round "5"]
[White "Tung, Kai Ming"]
[Black "Zubia Aramburu, Mikel"]
[Result "1-0"]
[WhiteElo "2131"]
[BlackElo "2009"]
[PlyCount "65"]
[EventDate "2004.09.26"]
[EventType "swiss"]
[EventRounds "7"]
[EventCountry "ESP"]
[SourceTitle "CBM 102 Extra"]
[Source "ChessBase"]
[SourceDate "2004.11.03"]
[SourceVersion "1"]
[SourceVersionDate "2004.11.03"]
[SourceQuality "1"]

1. e4 c6 2. d4 d5 3. Nd2 dxe4 4. Nxe4 Nf6 5. Nxf6+ gxf6 6. c3 Bf5 7. Ne2 e6 8. Ng3 Bg6 9. Be2 Bd6 10. 0-0 Nd7 11. f4 Qc7 12. c4 0-0-0 13. Qb3 h5 14. c5 Nxc5 15. dxc5 Bxc5+ 16. Be3 Bxe3+ 17. Qxe3 h4 18. Nh1 Qa5 19. Rfd1 Rxd1+ 20. Rxd1 Qxa2 21. Qd4 Qa5 22. Qxf6 Rg8 23. Qd4 Bc2 24. b4 Qb6 25. Qxb6 axb6 26. Rd4 Bb3 27. Bf3 Bd5 28. Kf2 Kc7 29. f5 c5 30. Rxh4 Ra8 31. Ng3 Ra2+ 32. Ne2 Ra4 33. Nc3 1-0